[Event "24th Open"]
[Site "Schwarzach AUT"]
[Date "2009.08.21"]
[Round "7"]
[White "Labeckas,K"]
[Black "Palac,M"]
[Result "1/2-1/2"]
[WhiteElo "2400"]
[BlackElo "2582"]

1.d4 Nf6 2.c4 e6 3.Nc3 Bb4 4.Qc2 O-O 5.a3 Bxc3+ 6.Qxc3 b6 7.Bg5 h6 8.Bh4 Ba6
9.e3 d6 10.Bd3 Nbd7 11.Ne2 c5 12.b4 cxd4 13.exd4 Rc8 14.Qb3 e5 15.b5 Bb7
16.O-O d5 17.cxd5 exd4 18.Bf5 Rc5 19.Bxd7 Qxd7 20.Bxf6 gxf6 21.Qg3+ Kh8 22.Qf4 Qxd5
23.Qxf6+ Kg8 24.f3 d3 25.Nf4 Qg5 26.Qxg5+ hxg5 27.Nxd3 Rxb5 28.a4 Rb3 29.Nc1 Rb2
30.Rf2 Rxf2 31.Kxf2 Rc8 32.Nd3 Rc2+ 33.Kg1 Rd2 34.Nf2 Rb2 35.Nd3 Rd2 36.Nf2 Bc6
37.a5 b5 38.Rc1 Bd5 39.Rd1 Rxd1+ 40.Nxd1 Kg7 41.Kf2 Kf6 42.Ke3 Ke5 43.g3 Be6
44.Nc3 b4 45.f4+ gxf4+ 46.gxf4+ Kf5 47.Nd1 Bb3 48.Nb2 Bd5 49.Kd4 Be4 50.Kc4 Kxf4
51.Kxb4 Ke3 52.Nc4+ Kd4 53.Nd6 f5 54.Nxf5+ Bxf5  1/2-1/2

[Event "16th Vienna Open"]
[Site "Vienna AUT"]
[Date "2009.08.22"]
[Round "8"]
[White "Timoscenko,G"]
[Black "Moradiabadi,E"]
[Result "1/2-1/2"]
[WhiteElo "2482"]
[BlackElo "2542"]

1.d4 Nf6 2.c4 e6 3.Nc3 Bb4 4.Qc2 O-O 5.a3 Bxc3+ 6.Qxc3 b5 7.cxb5 c6 8.Bg5 cxb5
9.e3 Bb7 10.f3 a6 11.Bd3 h6 12.Bh4 Nc6 13.Ne2 Rc8 14.Qd2 Ne4 15.Bxd8 Nxd2
16.Kxd2 Rfxd8 17.b4 Kf8 18.Rhb1 Nb8 19.a4 bxa4 20.Rxa4 Rc6 21.b5 Rb6 22.Rab4 axb5
23.Rxb5 Rxb5  1/2-1/2

[Event "5th Geller Mem Open A"]
[Site "Odessa UKR"]
[Date "2009.08.26"]
[Round "7"]
[White "Rudenko,S"]
[Black "Aliferenko,A"]
[Result "0-1"]
[WhiteElo "1927"]
[BlackElo "2206"]

1.d4 Nf6 2.c4 e6 3.Nc3 Bb4 4.Qc2 O-O 5.e4 d5 6.e5 Ne4 7.a3 Bxc3+ 8.bxc3 c5
9.cxd5 exd5 10.Bd3 Qa5 11.Bxe4 dxe4 12.Bd2 Bf5 13.Qb3 Qa6 14.d5 Nd7 15.f4 exf3
16.Nxf3 Nxe5 17.Nxe5 Rae8 18.O-O-O Rxe5 19.c4 Re4 20.g4 Rxc4+ 21.Bc3 b5 22.gxf5 b4
23.Rd3 Rxc3+ 24.Rxc3 bxc3 25.Qxc3 Rb8 26.Rd1 c4 27.d6 Rb3 28.Qa1 Rxa3 29.Qb2 Ra1+
30.Kc2 Qa4+ 31.Kc3 Ra3+ 32.Kd4 c3+ 33.Ke5 cxb2 34.d7 Qxd1  0-1

[Event "9th UIL&UL GM"]
[Site "Dahka BAN"]
[Date "2009.08.28"]
[Round "9"]
[White "Chatterjee,D"]
[Black "Rahman,SM"]
[Result "1-0"]
[WhiteElo "2281"]
[BlackElo "2256"]

1.d4 Nf6 2.c4 e6 3.Nc3 Bb4 4.Qc2 O-O 5.a3 Bxc3+ 6.Qxc3 d6 7.Bg5 c5 8.dxc5 dxc5
9.e3 Nc6 10.Nf3 b6 11.Bd3 Bb7 12.O-O Qe7 13.Ne5 Rfe8 14.f4 h6 15.Bh4 Rab8
16.Ng4 Ne4 17.Qe1 Qc7 18.Bxe4 f5 19.Bf3 fxg4 20.Bxg4 Na5 21.Qc3 Qc6 22.Rf3 Rbc8
23.Rg3 Rc7 24.Bf6 Rf8 25.Bxg7  1-0

[Event "6th LGA Premium Cup"]
[Site "Nuernberg GER"]
[Date "2009.09.03"]
[Round "1"]
[White "Kregelin,J"]
[Black "Luther,T"]
[Result "0-1"]
[WhiteElo "2123"]
[BlackElo "2552"]

1.d4 e6 2.c4 Nf6 3.Nc3 Bb4 4.Qc2 O-O 5.e4 d6 6.a3 Bxc3+ 7.bxc3 e5 8.Bd3 Nfd7
9.Ne2 c5 10.O-O Nc6 11.Be3 b6 12.f4 Ba6 13.fxe5 cxd4 14.cxd4 dxe5 15.d5 Na5
16.c5 Bxd3 17.Qxd3 bxc5 18.Ng3 Rb8 19.Rac1 Nb3 20.Nf5 Nxc1 21.Bxc1 f6 22.d6 Kh8
23.Kh1 Qe8 24.Qa6 Qe6  0-1

[Event "6th LGA Premium Cup"]
[Site "Nuernberg GER"]
[Date "2009.09.03"]
[Round "1"]
[White "Dreiseitel,U"]
[Black "Mihok,L"]
[Result "0-1"]
[WhiteElo "1588"]
[BlackElo "2186"]

1.d4 Nf6 2.c4 e6 3.Nc3 Bb4 4.Qc2 O-O 5.Bg5 b6 6.a3 Bxc3+ 7.bxc3 Bb7 8.e3 d6
9.Be2 Bxg2 10.Bf3 Bxh1 11.Bxh1 c6 12.Ke2 h6 13.Bh4 Qe7 14.Nf3 Nbd7 15.Rg1 Kh8
16.Nd2 d5 17.a4 Rg8 18.Bg3 e5 19.cxd5 cxd5 20.e4 Rac8 21.Kd1 exd4 22.exd5 Rxc3
23.Re1 Qa3 24.Qf5 Qxa4+  0-1

[Event "ch-RUS HL"]
[Site "Ulan Ude RUS"]
[Date "2009.09.04"]
[Round "3"]
[White "Belous,V"]
[Black "Romanov,E"]
[Result "0-1"]
[WhiteElo "2426"]
[BlackElo "2588"]

1.d4 Nf6 2.c4 e6 3.Nc3 Bb4 4.Qc2 O-O 5.e4 d6 6.a3 Bxc3+ 7.bxc3 c5 8.Bd3 cxd4
9.cxd4 e5 10.Nf3 Bg4 11.Nd2 Nc6 12.Nb3 a5 13.d5 a4 14.dxc6 axb3 15.Qxb3 bxc6
16.O-O Nd7 17.Qc3 Nc5 18.f4 Qa5 19.Qxa5 Rxa5 20.Bc2 Rd8 21.Bd2 Raa8 22.Be3 Ne6
23.Bb6 Rdb8 24.Rfb1 exf4 25.Kf2 f6 26.a4 c5 27.a5 Nd4 28.Bd3 Rc8 29.a6 Bd7
30.a7 Bc6 31.Ra6 Bb7 32.Ra3 Bc6 33.Ra6 Kf7 34.Ba5 Ke7 35.Bc3 Ne6 36.e5 fxe5
37.Bf5 Rc7 38.Rxc6 Rxc6 39.Be4 Kd7 40.Rb7+ Rc7 41.Rxc7+ Nxc7 42.Bxa8 Nxa8
43.Kf3 Ke6 44.Ke4 g5 45.g4 Kd7 46.Ba5 Kc8 47.h3 h6 48.Kf3 Kb7 49.Bd8 Kxa7
50.Be7 Nb6 51.Bf8 Nxc4 52.Ke2 d5 53.Bxh6 d4 54.Bxg5 Ne3 55.Be7 c4 56.Bd6 d3+
57.Kd2 Nf1+ 58.Kd1 c3  0-1

[Event "6th LGA Premium Cup"]
[Site "Nuernberg GER"]
[Date "2009.09.05"]
[Round "4"]
[White "Schuster,K"]
[Black "Lobzhanidze,D"]
[Result "0-1"]
[WhiteElo "2236"]
[BlackElo "2502"]

1.d4 Nf6 2.c4 e6 3.Nc3 Bb4 4.Qc2 O-O 5.a3 Bxc3+ 6.Qxc3 d6 7.Bg5 Nbd7 8.f3 e5
9.d5 c6 10.dxc6 bxc6 11.e3 h6 12.Bh4 d5 13.Bd3 Qb6 14.Ne2 dxc4 15.Bxc4 Nd5
16.Bxd5 cxd5 17.O-O Ba6 18.Rfe1 Rac8 19.Qb4 Rc2 20.Nc3 Rxb2 21.Qe7 Qg6 22.Bf2 Qc2
23.Nd1 Rb7 24.Qd6 Nc5 25.Qxd5 Nb3 26.Qxe5 Nxa1 27.Qxa1 Rd8 28.e4 Rd2 29.Ne3 Qb2
30.Bg3 Qxa1 31.Rxa1 Rbb2 32.h4 h5 33.Bf4 Ra2 34.Rxa2 Rxa2 35.Bd6 Bb5 36.Nd5 f6
37.Nf4 Be8 38.Bb4 g5 39.Nd5 Kf7 40.hxg5 fxg5 41.Kh2 Bd7 42.Ne3 Be6 43.Kg3 h4+
44.Kh2 Re2 45.Bc5 a5 46.Bd4 a4 47.Bc5 Kg6 48.Bb6 Kh5 49.Nf5 Kg6 50.Ne3 Rd2
51.Bc5 Kh5 52.Nf5 Bxf5 53.exf5 Rd5 54.Bb4 Rxf5 55.g4+ hxg3+ 56.Kxg3 Rf4 57.Bc5 Kg6
58.Bd6 Rd4 59.Be5 Rc4 60.Bd6 Kf5 61.Kf2 Rd4 62.Bc5 Rd5 63.Bb4 Kf4 64.Ke2 Kg3
65.Be1+ Kg2 66.Bc3 Rf5  0-1

[Event "FSIMB September"]
[Site "Budapest HUN"]
[Date "2009.09.13"]
[Round "9"]
[White "Kahn,E"]
[Black "Berczes,C"]
[Result "1-0"]
[WhiteElo "2245"]
[BlackElo "2368"]

1.d4 Nf6 2.c4 e6 3.Nc3 Bb4 4.Qc2 O-O 5.a3 Bxc3+ 6.Qxc3 b6 7.Bg5 Bb7 8.Nf3 d6
9.e3 Nbd7 10.Nd2 c5 11.f3 d5 12.cxd5 exd5 13.Bb5 Qc8 14.dxc5 Qxc5 15.Qxc5 bxc5
16.Nb3 Rac8 17.Rc1 c4 18.Bxf6 cxb3 19.Rxc8 Rxc8 20.Bc3 Nb6 21.Kf2 f6 22.g4 Kf7
23.h4 Nc4 24.Bd4 Nxb2 25.Rb1 Rc2+ 26.Kg3 a6 27.Bf1 Nc4 28.Rxb3 Bc6 29.Bd3 Ra2
30.Bxh7 Rxa3 31.Rb8 Rxe3 32.Bxe3 Nxe3 33.Bd3 Nc4 34.Rc8 Bb5 35.Rc7+ Kf8 36.Rc5 Ke7
37.Rxd5 Ke6 38.Rc5 Nd6 39.Bxb5 axb5 40.Kf4 b4 41.Ke3 b3 42.Kd3 f5 43.g5 f4
44.h5 b2 45.Kc2 Nf5 46.Kxb2 Nh4 47.h6 gxh6 48.gxh6 Kf7 49.h7 Ng6 50.Rg5  1-0

[Event "7th ch-Mediterranean"]
[Site "Rijeka CRO"]
[Date "2009.09.14"]
[Round "5"]
[White "Medic,Mir"]
[Black "Baptista,A"]
[Result "1/2-1/2"]
[WhiteElo "2322"]
[BlackElo "2177"]

1.d4 Nf6 2.c4 e6 3.Nc3 Bb4 4.Qc2 O-O 5.a3 Bxc3+ 6.Qxc3 d5 7.Nf3 dxc4 8.Qxc4 b6
9.Bg5 Ba6 10.Qc2 Nbd7 11.Bxf6 Nxf6 12.Rc1 c5 13.Qa4 Bb7 14.dxc5 bxc5 15.e3 Qb6
16.Qb5 Qxb5 17.Bxb5 Rfc8 18.O-O Rab8 19.a4 a6 20.Bc4 Bxf3 21.gxf3 Rc6 22.Rfd1 Kf8
23.Rd2 Ke7 24.b3 Rd8 25.Rxd8 Kxd8 26.Rd1+ Kc7 27.Kf1 a5 28.Bb5 Rd6 29.Rxd6 Kxd6
30.Ke2 g5 31.Kd3 h5 32.Ke2 h4 33.Kd2 e5 34.Bc4 Ke7 35.Kc3 Ne8 36.Bd5 Nd6
37.Kd3 f5 38.Kc3 e4 39.fxe4 fxe4 40.Kd2 Kf6 41.Bc6 Kf5 42.Bd7+ Ke5 43.Bc6 Nf5
44.Kc3 g4 45.Kd2 g3 46.fxg3 Nxg3 47.Bb5 Nh5 48.Bd7 Nf6 49.Bc8 Kd6 50.h3 Kc6
51.Be6 Kd6 52.Bc8 Ke5 53.Bb7 Ng4 54.Bc8 Nf2 55.Kc3 Kd6 56.Kd2 c4 57.bxc4 Kc5
58.Bf5 Kb4 59.c5 Kxc5 60.Ke2 Nd3 61.Bxe4 Ne5 62.Bd3 Kd5  1/2-1/2

[Event "Maotai Prince Cup Queens"]
[Site "JinZhou CHN"]
[Date "2009.09.19"]
[Round "3"]
[White "Shen Yang"]
[Black "Xu Yuhua"]
[Result "1/2-1/2"]
[WhiteElo "2453"]
[BlackElo "2485"]

1.d4 e6 2.c4 Nf6 3.Nc3 Bb4 4.Qc2 O-O 5.a3 Bxc3+ 6.Qxc3 d5 7.Nf3 b6 8.Bg5 dxc4
9.Qxc4 Ba6 10.Qc3 Nbd7 11.Qc6 Rc8 12.Rd1 Nb8 13.Qa4 Qd5 14.Bxf6 gxf6 15.h4 Bc4
16.Qb4 Bb3 17.Rd3 Bc2 18.Rd2 c5 19.Qb5 Be4 20.e3 Bxf3 21.gxf3 Qxf3 22.Rh3 Qf5
23.d5 Kh8 24.Qa4 exd5 25.Rg3 Qb1+ 26.Ke2 Qe4 27.Qxa7 Qe6 28.Bh3 f5 29.Rg5 Nc6
30.Qa4 Ne7 31.Qf4 Rce8 32.Bxf5 Nxf5 33.Qxf5 d4 34.Qxe6 Rxe6 35.Kf3 dxe3 36.fxe3 Rfe8
37.Rd3 Rf6+ 38.Kg3 Rfe6 39.Kf3 Rf6+ 40.Kg3  1/2-1/2

[Event "TCh-ROU Superliga"]
[Site "Eforie Nord ROU"]
[Date "2009.09.22"]
[Round "4"]
[White "Parligras,M"]
[Black "Cioara,A"]
[Result "1/2-1/2"]
[WhiteElo "2547"]
[BlackElo "2415"]

1.d4 Nf6 2.c4 e6 3.Nc3 Bb4 4.Qc2 O-O 5.e4 d6 6.a3 Bxc3+ 7.bxc3 e5 8.Bd3 Nc6
9.Ne2 b6 10.O-O Ba6 11.f4 Nd7 12.Be3 Na5 13.c5 Bxd3 14.Qxd3 bxc5 15.dxe5 Nb6
16.exd6 cxd6 17.f5 Nac4 18.f6 g6 19.Bh6 Re8 20.Nf4 Re5 21.a4 a5 22.Rab1 Qd7
23.Nd5 Nxd5 24.exd5 Qg4 25.h3 Qe4 26.Qxe4 Rxe4 27.Rb7 Rae8 28.Rfb1 Ne3 29.Re1 g5
30.Rd7 Rb8 31.Bxg5 Ng4 32.Rd8+ Rxd8 33.Rxe4 Ne5 34.Bh6 Nd7 35.Re3 Nb6 36.Rg3+ Kh8
37.Bg7+ Kg8 38.Bh6+ Kh8 39.c4 Nxc4 40.Bg7+ Kg8 41.Bh6+ Kh8 42.Rb3 Ne5 43.Rb5 Nd7
44.Bd2 Nxf6 45.Bxa5 Rd7 46.Bc3 Kg7 47.a5 Kg6 48.a6 Ra7 49.Rb6 Ne4 50.Be5 Kf5
51.Bh2 h5 52.Kf1 Nd2+ 53.Ke2 Nc4 54.Rc6 Ke4 55.Bxd6 Kxd5 56.Rxc5+ Kxd6 57.Rxc4 Rxa6
58.Kf3 Ra5 59.Kf4 f6 60.Re4 Rg5 61.g3 Kd7 62.Re1 Kd6 63.Re3 Kd7 64.h4 Ra5
65.Re4 Kd6 66.Re3 Kd7 67.Kf3 Rf5+ 68.Kg2  1/2-1/2

[Event "18th TCh-CRO"]
[Site "Sibenik CRO"]
[Date "2009.09.25"]
[Round "5"]
[White "Hracek,Z"]
[Black "Palac,M"]
[Result "1/2-1/2"]
[WhiteElo "2606"]
[BlackElo "2576"]

1.d4 Nf6 2.c4 e6 3.Nc3 Bb4 4.Qc2 O-O 5.a3 Bxc3+ 6.Qxc3 d5 7.e3 b6 8.Nf3 Bb7
9.b4 c5 10.dxc5 bxc5 11.Bb2 Nbd7 12.cxd5 Bxd5 13.Be2 Qb6 14.O-O Rfb8 15.b5 a6
16.a4 c4 17.e4 Bxe4 18.Nd2 Bd5 19.Nxc4 Qb7 20.Ne3 Be4 21.Rfc1 axb5 22.axb5 Nb6
23.f3 Bg6 24.Qc6 Rxa1 25.Rxa1 Nfd7 26.Ra6 Qc8 27.Qxc8+ Nxc8 28.Kf2 Kf8 29.Ba3+ Ke8
30.Nc4 Kd8 31.Nd6 Ncb6 32.Bb4 Nd5 33.Ba5+ Ke7 34.Ne4 f6 35.Ra7 Bxe4 36.fxe4 Nb6
37.Ke3 Nc8 38.Ra6 Ndb6 39.Bb4+ Kd7 40.h4 Rb7 41.Bc5 Kc7 42.Ra1 Nd6 43.Rc1 Kd7
44.Rd1 Nc8 45.g4 Kc7 46.Rb1 g6 47.g5 f5 48.exf5 exf5 49.Kf4 Ne4 50.Bd4 Nb6
51.Rc1+ Kd7 52.Ke5 Nd6 53.Be3 Rb8 54.Rd1 Re8+ 55.Kf4 Re4+ 56.Kf3 Nc8 57.Rd4 Ke6
58.Bd3 Rxd4 59.Bxd4 Kd5 60.Bf2 Nc4 61.Kf4 N8d6 62.Be2  1/2-1/2

[Event "TCh-ROU Superliga"]
[Site "Eforie Nord ROU"]
[Date "2009.09.26"]
[Round "8"]
[White "Shishkin,Va UKR"]
[Black "Iordachescu,V"]
[Result "1/2-1/2"]
[WhiteElo "2511"]
[BlackElo "2607"]

1.d4 Nf6 2.c4 e6 3.Nc3 Bb4 4.Qc2 O-O 5.e4 d6 6.a3 Bxc3+ 7.bxc3 e5 8.Bd3 c5
9.d5 Nbd7 10.Ne2 Nh5 11.O-O Qf6 12.f4 Nxf4 13.Nxf4  1/2-1/2

[Event "TCh-NED 2009-10"]
[Site "Netherlands NED"]
[Date "2009.09.26"]
[Round "1"]
[White "Deegens,V"]
[Black "Peng Zhaoqin"]
[Result "0-1"]
[WhiteElo "2266"]
[BlackElo "2407"]

1.d4 e6 2.c4 Nf6 3.Nc3 Bb4 4.Qc2 O-O 5.a3 Bxc3+ 6.Qxc3 b6 7.Bg5 Bb7 8.e3 d6
9.Ne2 Nbd7 10.Qc2 h6 11.Bh4 c5 12.Rd1 Qc7 13.Nc3 a6 14.Be2 Bxg2 15.Rg1 Bb7
16.d5 exd5 17.Qf5 Kh8 18.Kd2 d4 19.Nd5 Bxd5 20.cxd5 Rg8 21.exd4 Rae8 22.Bf3 b5
23.Kc2 b4 24.axb4 cxb4+ 25.Kb3 a5 26.Rc1 a4+ 27.Ka2 Qb6 28.Qd3 Qa5 29.Bg3 b3+
30.Ka3 Nxd5 31.Bxd5 Qxd5 32.Qc4 Nb6 33.Qxd5 Nxd5 34.Bxd6 Re6 35.Bg3 Ra8 36.Rc5 Nb6
37.Be5 f6 38.Bc7 Nd7 39.Rc4 Rc8 40.Rgc1 Ra6 41.Bg3 Rd8 42.Rc8 Rxc8 43.Rxc8+ Kh7
44.Rc7 Nf8 45.Rc4  0-1

[Event "Galicia Festival Blitz"]
[Site "Ourense ESP"]
[Date "2009.09.26"]
[Round "4"]
[White "Drozdovskij,Y"]
[Black "Salgado Lopez,I"]
[Result "1-0"]
[WhiteElo "2627"]
[BlackElo "2555"]

1.d4 Nf6 2.c4 e6 3.Nc3 Bb4 4.Qc2 O-O 5.a3 Bxc3+ 6.Qxc3 b6 7.Nf3 Ba6 8.e3 d5
9.b4 c5 10.dxc5 bxc5 11.b5 Bb7 12.Bb2 Nbd7 13.Be2 Re8 14.O-O Qb6 15.a4 a5
16.h3 Qd6 17.Rfd1 Nb6 18.Nd2 Qf8 19.Nb3 Rec8 20.Nxa5 Ne4 21.Qe1 Qe7 22.cxd5 exd5
23.Nxb7 Nxa4 24.Rxa4 Rxa4 25.Na5 Ra2 26.Nc6 Rxc6 27.bxc6 Rxb2 28.Rxd5 g6
29.Rd7 Qe6 30.Rd8+ Kg7 31.c7 Qa2 32.Rg8+ Kxg8 33.c8=Q+ Kg7 34.Bd3 Nxf2 35.Qc3+ f6
36.Qc7+ Kh6 37.Qf4+  1-0

[Event "Chigorin Mem Open"]
[Site "St Petersburg RUS"]
[Date "2009.10.22"]
[Round "7"]
[White "Obrezchikov,M"]
[Black "Salov,Vi"]
[Result "1-0"]
[WhiteElo "1968"]
[BlackElo "2130"]

1.d4 Nf6 2.c4 e6 3.Nc3 Bb4 4.Qc2 O-O 5.a3 Bxc3+ 6.Qxc3 Ne4 7.Qc2 f5 8.Nf3 b6
9.g3 Bb7 10.Bg2 Nf6 11.O-O Be4 12.Qc3 Qe7 13.b4 d6 14.Bb2 Nbd7 15.Rad1 c6
16.Bh3 Bxf3 17.exf3 d5 18.Rfe1 g6 19.b5 cxb5 20.cxd5 Nxd5 21.Qc6 Kf7 22.Qxb5 Rfc8
23.Re2 Qd6 24.Rde1 Nf8 25.Qb3 Rc6 26.Bg2 Rd8 27.f4 Rc7 28.Re5 Qc6 29.a4 Qc2
30.Qa3 Rcd7 31.R5e2 Qc4 32.Bf3 a5 33.Rc1 Qb4 34.Qa1 Qb3 35.Kg2 Qb4 36.Rec2 Qb3
37.Rc4 Nb4 38.R1c3 Qa2 39.Qc1 Rxd4 40.Rc7+ R8d7 41.Ra3 Rxc7 42.Qxc7+ Rd7
43.Qe5 Qc4 44.Qf6+ Ke8 45.Rc3 Qa6 46.Ba3 Rf7 47.Qe5 Re7 48.h4 h5 49.Rc1 Qd3
50.Rc8+ Kf7 51.Bb2 Nd5 52.Qg7+  1-0

[Event "8th TCh-Eur w"]
[Site "Novi Sad SRB"]
[Date "2009.10.23"]
[Round "2"]
[White "Motoc,A"]
[Black "Lakos,N"]
[Result "1-0"]
[WhiteElo "2316"]
[BlackElo "2316"]

1.d4 Nf6 2.c4 e6 3.Nc3 Bb4 4.Qc2 O-O 5.a3 Bxc3+ 6.Qxc3 b6 7.Bg5 Bb7 8.e3 d6
9.Ne2 Nbd7 10.Qc2 c5 11.Rd1 cxd4 12.Rxd4 h6 13.Bh4 Qc7 14.Nc3 d5 15.cxd5 Bxd5
16.e4 Bb7 17.f3 a6 18.Be2 Rfd8 19.O-O Nf8 20.Rxd8 Rxd8 21.Rd1 Ng6 22.Bf2 Nf4
23.Bf1 Rxd1 24.Qxd1 e5 25.Qa4 b5 26.Qb4 Ne6 27.a4 bxa4 28.Qxa4 Qd6 29.Qb3 Qc7
30.Qc4 Qxc4 31.Bxc4 Nd7 32.Nd5 Kf8 33.Be1 Bxd5 34.Bxd5 Ke7 35.Bb4+ Nec5 36.Bc4 Ke8
37.Bxc5 Nxc5 38.b4 Nd7 39.Bxa6 Ke7 40.Kf2 Nb6 41.Ke3 f5 42.g3 g5 43.f4 gxf4+
44.gxf4 exf4+ 45.Kxf4 fxe4 46.Kxe4 Ke6 47.Be2 Kf6 48.Kd4 Ke6 49.Kc5 Na4+
50.Kd4 Nb6 51.Bf1 Kd6 52.Ke4 Ke6 53.Bh3+ Kf6 54.Kd4 h5 55.Bf1 h4 56.Bb5 Ke6
57.Bf1 Kd6 58.Ke4 Nd5 59.b5 Nc3+ 60.Kf5 Nxb5 61.Bxb5 Ke7 62.Bc4 Kf8 63.Kf6 Ke8
64.Be6 Kd8 65.Kf7 Kc7 66.Ke7 Kc6 67.Kd8 Kd6 68.Bd7 Ke5 69.Ke7 Kd5 70.Kf6 Kd6
71.Be6 Kc7 72.Ke7 Kc6 73.Bc8 Kd5 74.Bd7 Ke5 75.Be6 Ke4 76.Kf6 Kd4 77.Kg5 Ke5
78.Bc4 Kd6 79.Kxh4 Ke7 80.Kg5  1-0

[Event "TCh-SLO East 1st League"]
[Site "Sentjur SLO"]
[Date "2009.10.23"]
[Round "2"]
[White "Doric,D"]
[Black "Zelcic,R"]
[Result "1/2-1/2"]
[WhiteElo "2456"]
[BlackElo "2550"]

1.d4 Nf6 2.c4 e6 3.Nc3 Bb4 4.Qc2 O-O 5.a3 Bxc3+ 6.Qxc3 b5 7.cxb5 c6 8.Bg5 cxb5
9.e3 Bb7 10.f3 h6 11.Bh4 Nc6 12.Bxb5 Rc8 13.Ne2 g5 14.Bf2 Nd5 15.Qd2 Na5
16.Qd3 Nc7 17.Rc1 Nxb5 18.Rxc8 Qxc8 19.Qxb5 Nc4 20.O-O Ba6 21.Qb4 Qb8 22.Nc3 Nxb2
23.Rb1 Qxb4 24.axb4 Nd3 25.b5 Rc8 26.bxa6 Rxc3 27.h4 Rc6 28.hxg5 hxg5 29.Bg3 Rxa6
30.Rb5 f5 31.Rb3 Nc1 32.Rb8+ Kf7 33.Bc7 f4 34.exf4 Ne2+ 35.Kh2 Nxf4 36.Rd8 d5
37.Rd7+ Kg6 38.Bxf4 gxf4 39.Kh3 Kg5 40.Rg7+ Kf6 41.Rd7 Ra2 42.Kg4 Rxg2+ 43.Kxf4 a5
44.Rd8 Rd2 45.Rf8+ Kg7 46.Ra8 Rxd4+ 47.Ke5 Ra4 48.Kxe6 d4 49.Ke5 d3 50.Rd8 Ra3
51.Ke4 a4 52.Rxd3  1/2-1/2

[Event "8th TCh-Eur w"]
[Site "Novi Sad SRB"]
[Date "2009.10.27"]
[Round "6"]
[White "Peng Zhaoqin"]
[Black "Maric,A"]
[Result "0-1"]
[WhiteElo "2407"]
[BlackElo "2405"]

1.d4 Nf6 2.c4 e6 3.Nc3 Bb4 4.Qc2 O-O 5.a3 Bxc3+ 6.Qxc3 b6 7.Bg5 Bb7 8.e3 d6
9.Ne2 Nbd7 10.Qc2 c5 11.Rd1 Qe7 12.Nc3 cxd4 13.Rxd4 Rfc8 14.f3 Qf8 15.Qd1 Ne8
16.Be2 Ne5 17.O-O Nc6 18.Rd2 Na5 19.Qa4 Rc5 20.Bf4 Bc6 21.Qb4 e5 22.Bg3 Nc7
23.a4 Na6 24.Qa3 Nxc4 25.Bxc4 Rxc4 26.Rxd6 Qe8 27.Qa2 Rb4 28.e4 Nc5 29.a5 Nb7
30.Rd2 Nxa5 31.Nd5 Ra4 32.Qb1 Rc8 33.Rfd1 Nb3 34.Rf2 Bxd5 35.exd5 Ra1 36.Qxa1 Nxa1
37.Rxa1 Qd7 38.Bxe5 Qxd5 39.Bc3 a5 40.Rd2 Qe6 41.Rd3 h6 42.h3 Kh7 43.Kh1 Rc6
44.Re1 Qa2 45.Rd7 Re6 46.Red1 Qb3 47.R1d3 Rg6 48.Kh2 Qc4 49.Be5 Qc5 50.f4 Qf2  0-1

[Event "8th TCh-Eur w"]
[Site "Novi Sad SRB"]
[Date "2009.10.28"]
[Round "7"]
[White "Igla,B"]
[Black "Dzagnidze,N"]
[Result "1/2-1/2"]
[WhiteElo "2258"]
[BlackElo "2535"]

1.d4 Nf6 2.c4 e6 3.Nc3 Bb4 4.Qc2 O-O 5.a3 Bxc3+ 6.Qxc3 b6 7.Bg5 Bb7 8.e3 d6
9.Ne2 Nbd7 10.Qc2 c5 11.Rd1 Qe7 12.Nc3 cxd4 13.Rxd4 Rfd8 14.Be2 e5 15.Rd2 h6
16.Bxf6 Nxf6 17.O-O Rac8 18.Qb3 Bc6 19.Rfd1 Qb7 20.Bf1 Qb8 21.Qb4 Rd7 22.a4 a5
23.Qa3 Rcd8 24.f3 d5 25.cxd5 Nxd5 26.Nxd5 Rxd5 27.Rxd5 Rxd5 28.Rxd5 Bxd5
29.Qc3 Bb7 30.b4 axb4 31.Qxb4 Qc7 32.Bc4 Bc6 33.Qb3 g6 34.Qd3 Kg7 35.Bb3 Be8  1/2-1/2

[Event "8th TCh-Eur w"]
[Site "Novi Sad SRB"]
[Date "2009.10.30"]
[Round "9"]
[White "Igla,B"]
[Black "Bojkovic,N"]
[Result "1-0"]
[WhiteElo "2258"]
[BlackElo "2429"]

1.d4 Nf6 2.c4 e6 3.Nc3 Bb4 4.Qc2 O-O 5.a3 Bxc3+ 6.Qxc3 b6 7.Bg5 Bb7 8.e3 d6
9.Ne2 Nbd7 10.Qc2 c5 11.Rd1 Qe7 12.Nc3 cxd4 13.Rxd4 Rfc8 14.Qd1 Ne5 15.f3 h6
16.Bh4 Ng6 17.Bf2 d5 18.cxd5 Nxd5 19.Nxd5 Bxd5 20.Ba6 Rd8 21.O-O Bb7 22.Bxb7 Rxd4
23.Qxd4 Qxb7 24.Rd1 Rc8 25.Be1 e5 26.Qd3 Qc6 27.Bc3 Qc5 28.Qe4 Qc7 29.Qd5 Qe7
30.g3 Qg5 31.Kf2 Qe7 32.Qd7 Rc7 33.Qxe7 Rxe7 34.Rd8+ Kh7 35.e4 f6 36.Ke3 Rc7
37.Bb4 Rc2 38.Rd2 Rc7 39.Kd3 Kg8 40.Rc2 Rd7+ 41.Kc4 a6 42.Rd2 Rc7+ 43.Kb3 Kf7
44.Rd6 Rb7 45.Rc6 Ke8 46.Kc4 Kd7 47.Kd5 a5 48.Bd6 Nh8 49.f4 exf4 50.Bxf4 b5
51.Rd6+ Kc8 52.Ra6 Kd7 53.Rxa5 Nf7 54.Ra8 g5 55.Rb8 Ra7 56.Be3 Rc7 57.Rxb5 Nd6
58.Rc5 Rb7 59.b4 Rb8 60.Ra5 Nb5 61.a4 Nc7+ 62.Kc4 Re8 63.Kd3 Kc8 64.Rc5 Kb7
65.b5 Rd8+ 66.Ke2 Re8 67.Kf3 g4+ 68.Kf2 Rxe4 69.a5 Ne6 70.a6+ Kb8 71.a7+ Kb7
72.Rc8  1-0

[Event "TCh-NED 2009-10"]
[Site "Netherlands NED"]
[Date "2009.10.31"]
[Round "2"]
[White "Miedema,R"]
[Black "Hoeksema,E"]
[Result "0-1"]
[WhiteElo "2396"]
[BlackElo "2328"]

1.d4 Nf6 2.c4 e6 3.Nc3 Bb4 4.Qc2 O-O 5.Nf3 c5 6.dxc5 Na6 7.c6 bxc6 8.a3 Bxc3+
9.Qxc3 Nc5 10.Qc2 a5 11.Be3 Qe7 12.Rd1 d6 13.Bxc5 dxc5 14.Ne5 Qc7 15.Nd3 a4
16.g3 e5 17.Bg2 e4 18.Nc1 Qa5+ 19.Kf1 Re8 20.h3 Be6 21.g4 h6 22.Rg1 Rad8
23.Na2 Rxd1+ 24.Qxd1 Rd8 25.Qb1 Qd2 26.Nc3 Bxc4 27.Bxe4 Nxe4 28.Qxe4 Bd5
29.Nxd5 cxd5 30.Qe7 Rc8 31.Rg3 Qxb2 32.Qd7 Qb1+ 33.Kg2 Qe4+ 34.Rf3 Rf8 35.e3 c4
36.Qxa4 c3  0-1

[Event "Russia Cup"]
[Site "St Petersburg RUS"]
[Date "2009.11.03"]
[Round "1.1"]
[White "Grachev,B"]
[Black "Korotylev,A"]
[Result "1/2-1/2"]
[WhiteElo "2652"]
[BlackElo "2597"]

1.d4 Nf6 2.c4 e6 3.Nc3 Bb4 4.Qc2 O-O 5.e4 d5 6.e5 Ne4 7.Bd3 c5 8.Nf3 cxd4
9.Nxd4 Nd7 10.Bf4 Ndc5 11.O-O Nxd3 12.Qxd3 Bxc3 13.bxc3 b6 14.cxd5 Qxd5 15.Rfd1 Bb7
16.c4 Qd7 17.Qe3 Qa4 18.f3 Nc5 19.Nb5 Qxc4 20.Nd6 Qc2 21.Rac1 Qxa2 22.Bh6 gxh6
23.Qxh6 Nd7 24.Nxb7 Nxe5 25.Nd6 Rfd8 26.Rd4 Qa3 27.Rcd1 Qb3 28.Rc1 Qb2 29.Nf5 Qxd4+
30.Nxd4 Rxd4 31.Qf6 Rd5 32.h4 h5 33.Qe7 Ng6 34.Qb7 Rad8 35.Rc7 Rf5  1/2-1/2

[Event "3rd Asian Indoor Team Rapid Prelim"]
[Site "Ha Long City VIE"]
[Date "2009.11.05"]
[Round "3"]
[White "Al Sayed,Mohamad"]
[Black "Moradiabadi,E"]
[Result "1/2-1/2"]
[WhiteElo "2504"]
[BlackElo "2560"]

1.d4 Nf6 2.c4 e6 3.Nc3 Bb4 4.Qc2 O-O 5.a3 Bxc3+ 6.Qxc3 d5 7.cxd5 Ne4 8.Qc2 exd5
9.Bf4 Bf5 10.Qxc7 Qxc7 11.Bxc7 Rc8 12.Bf4 Nc6 13.f3 Nf6 14.g4 Bg6 15.h4 Nxd4
16.Rd1 Ne6 17.Be5 Bc2 18.Rd2 Nd7 19.Bc3 Bb3 20.e3 Nb6 21.Kf2 Rd8 22.Nh3 Na4
23.Ng5 Nxc3 24.bxc3 Nc5 25.Bd3 h6 26.Nh3 Rac8 27.g5 hxg5 28.hxg5 g6 29.Nf4 Kg7
30.Kg3 Rh8 31.Rxh8 Kxh8 32.Bc2 Kg7 33.Bxb3 Nxb3 34.Rd1 Rxc3 35.Nxd5 Rc1 36.Rxc1 Nxc1
37.Kf4 Nb3 38.e4 Nd2 39.a4 Nc4 40.e5 Kf8 41.Ke4 Nd2+ 42.Ke3 Nb3 43.f4 Ke8
44.Nc3 Nc5 45.Kd4 Ne6+ 46.Ke4 Kd7 47.Nb5 Nc5+ 48.Kd4 Nxa4 49.Nd6 Ke6 50.Nxb7 Kf5
51.Nd6+ Ke6 52.Nb7 Nb6 53.Nd8+ Ke7 54.Nc6+ Ke6 55.Nxa7 Kf5 56.Nb5 Kxf4 57.Nd6 Kxg5
58.Nxf7+ Kf5 59.Nd8 Nd7 60.e6 Nf6 61.e7 g5 62.Nf7  1/2-1/2

[Event "3rd Asian Indoor Team Rapid Prelim"]
[Site "Ha Long City VIE"]
[Date "2009.11.05"]
[Round "4"]
[White "Kazhgaleyev,M"]
[Black "Filippov,An UZB"]
[Result "0-1"]
[WhiteElo "2653"]
[BlackElo "2607"]

1.d4 Nf6 2.c4 e6 3.Nc3 Bb4 4.Qc2 O-O 5.e4 d6 6.a3 Bxc3+ 7.bxc3 e5 8.Bd3 Nc6
9.Ne2 Nh5 10.Be3 b6 11.O-O Ba6 12.f4 Na5 13.fxe5 dxe5 14.Qa2 g6 15.Bh6 Ng7
16.Rf3 c5 17.d5 f6 18.Raf1 Qe7 19.Ng3 Rf7 20.R1f2 Nb7 21.Nf1 Nd6 22.Ne3 Bc8
23.Qb1 Bd7 24.Qf1 Raf8 25.h3 Qd8 26.Bc2 Qe7 27.Kh1 Qd8 28.Kg1 Qe7 29.a4 a5
30.Qe2 Qe8 31.Qd1 Kh8 32.Kf1 Kg8 33.g4 Qd8 34.Qb1 Qc7 35.Ke1 Qd8 36.Kf1 Qc7
37.Kg2 Qd8 38.Kh2 Qc7 39.h4 Bc8 40.Qf1 Qe7 41.g5 fxg5 42.Bxg5 Qe8 43.Rxf7 Rxf7
44.Rxf7 Nxf7 45.Bd1 Nxg5 46.hxg5 Qe7 47.Qg2 Ne8 48.Qg3 Nd6 49.Qh4 h5 50.Kg3 Bd7
51.Kf2 Qe8 52.Qg3 Nxe4+  0-1

[Event "Russia Cup w"]
[Site "St Petersburg RUS"]
[Date "2009.11.10"]
[Round "4.2"]
[White "Turova,I"]
[Black "Kovalevskaya,E"]
[Result "1/2-1/2"]
[WhiteElo "2384"]
[BlackElo "2427"]

1.d4 Nf6 2.c4 e6 3.Nc3 Bb4 4.Qc2 O-O 5.a3 Bxc3+ 6.Qxc3 b5 7.cxb5 c6 8.Bg5 cxb5
9.e3 Bb7 10.Nf3 a6 11.Bd3 Nc6 12.O-O Ne7 13.Bxf6 gxf6 14.e4 Ng6 15.Qd2 Kg7
16.a4 Qb8 17.axb5 axb5 18.d5 Qf4 19.Qxf4 Nxf4 20.Bxb5 exd5 21.exd5  1/2-1/2

[Event "Russia Cup w"]
[Site "St Petersburg RUS"]
[Date "2009.11.10"]
[Round "4.3"]
[White "Turova,I"]
[Black "Kovalevskaya,E"]
[Result "1/2-1/2"]
[WhiteElo "2384"]
[BlackElo "2427"]

1.d4 Nf6 2.c4 e6 3.Nc3 Bb4 4.Qc2 O-O 5.a3 Bxc3+ 6.Qxc3 d6 7.f3 c5 8.dxc5 dxc5
9.Bf4 Nc6 10.Rd1 Qb6 11.e3 e5 12.Bg5 Be6 13.Bxf6 gxf6 14.Kf2 Rad8 15.Bd3 e4
16.Qxf6 Rxd3 17.Qg5+  1/2-1/2